History Quiz

Random History or Country Quiz

Countries' Colonial Names Quiz Stats

 Plays Quiz Updated Apr 7, 2014

Score 0/25 Timer 05:00
2 Plays Today
Colonial Name Country Name % Correct
British North AmericaCanada
76.8%
British East AfricaKenya
71.5%
British HondurasBelize
69.3%
Portuguese TimorTimor-Leste
68%
British GuianaGuyana
64%
Middle CongoRepublic of the Congo
61.5%
Northern RhodesiaZambia
60.6%
Annam, Tonkin, CochinchinaVietnam
58.8%
German Southwest AfricaNamibia
58.1%
Portuguese GuineaGuinea-Bissau
52.8%
French GuineaGuinea
52.1%
Gold CoastGhana
50.7%
Spanish GuineaEquatorial Guinea
50.1%
Colonial Name Country Name % Correct
AdenYemen
45.1%
Upper VoltaBurkina Faso
40.8%
Bechuanaland ProtectorateBotswana
32%
Gilbert IslandsKiribati
31.2%
DahomeyBenin
29.8%
French SudanMali
29.8%
BasutolandLesotho
26.7%
New HebridesVanuatu
21.4%
Territory of the Afars and the IssasDjibouti
16.3%
Ellice IslandsTuvalu
16%
British Central Africa ProtectorateMalawi
14.7%
Ubangi-ShariCentral African Republic
10.2%

You're not logged in!

Compare scores with friends on all Sporcle quizzes.
OR
Log In

Sporcle TV

Today on Sporcle TV


Watch our educational content, quiz creation guides, and fun videos on Sporcle TV.

Show Comments

Extras

Top Quizzes Today


Score Distribution

Your Account Isn't Verified!

In order to create a playlist on Sporcle, you need to verify the email address you used during registration. Go to your Sporcle Settings to finish the process.

Report this User

Report this user for behavior that violates our Community Guidelines.

Details: